V-15 BULUŞLAR VE SERÜVENLERİ ELEKTRİK (Record no. 588838)

MARC details
000 -LEADER
sabit uzunluktaki kontrol alanı 00289nam a2200109Ia 4500
001 - KONTROL NUMARASI
kontrol alanı 588838
005 - EN SON İŞLEMİN TARİH VE ZAMANI
kontrol alanı 20250717120838.0
008 - SABİT-UZUNLUKTA VERİ ÖĞELERİ--GENEL BİLGİ
sabit uzunluktaki kontrol alanı 250717s9999 xx 000 0 und d
245 #0 - ESER / YAZAR
ESER ADI V-15 BULUŞLAR VE SERÜVENLERİ ELEKTRİK
Yazar Adı XACT STUDİA
260 ## - YAYIN, DAĞITIM, VB.
YAYIN EVİ TİMAŞ YAYINLARI
Yayın, dağıtım tarihi, vb. 2020
300 ## - FİZİKSEL AÇIKLAMA
Diğer fiziksel ayrıntılar 64

No items available.